00802 2200277 4500001002100000005001700021008004100038020002200079035002400101041000800125043001200133082001800145084001800163090002200181100002400203245010000227250001100327260003300338300002300371504003000394650003500424700001400459850001200473990001800485999002100503YOGYA-0711000000070020170810092142.0 ind  a978-602-978-580-7 0010-0711000000007000 aind aYOPDYOG042[23]a371.172 a371.172 Jam T aDEP 371.172 Jam T0 aJAMAL MA'MUR ASMANI1 aTips sukses PLPG pendidikan dan latihan profesi guruc/ Jamal Ma'mur Asmani ; editor, Rusdianto aCet. 1 aYogyakartabDiva Pressc2011 a222 hlm.c; 20 cm. aBibliografi: hlm. 215-218 4aGuruxPendidikan dan pelatihan0 aRusdianto aYOPDYOG a54601-PD/A.17 aCB-D.11/2011-209